000 00699nam a22001937a 4500
003 NUST-PNEC
005 20170116180711.0
008 141009b xxu||||| |||| 00| 0 eng d
020 _a8123901623
040 _cPNEC
082 _a621.38195 MAH
100 _9532
_aMahadevan, K
245 _aDesign data hand book : (in SI and METRIC units) for mechanical engineers
_cK. Mahadevan
260 _aNew Delhi:
_bCBS Publishers & Distributors
_c1987.
300 _a453 p.
_b ill.
_c 24 cm.
500 _aIncludes Index http://www.amazon.com/Design-Handbook-Metric-Mechanical-Engineers/dp/8123901623/ref=sr_1_1?s=books&ie=UTF8&qid=1412836311&sr=1-1&keywords=8123901623
650 _xME
942 _2ddc
_cBK
999 _c60949
_d60949